000 00337nam a22001337a 4500
008 241109b |||||||| |||| 00| 0 eng d
020 _a978-93-895-8850-7
100 _aA. Kelleher & A. Kelleher
245 _aMachine Learning in Production
260 _aNoida
_bPearson Pub
_c2020
300 _a228
650 _aCSE
942 _2ddc
_cBK
999 _c21017
_d21017